Pokémon that END with P, R & S - Statistics

General Stats
  • This quiz has been taken 1,382 times
    764 since last reset
  • The average score is 61 of 170
Answer Stats
Hint Answer % Correct
Kanto Bulbasaur
78%
Kanto Ivysaur
77%
Kanto Venusaur
76%
Kanto Charmander
70%
Sinnoh Piplup
67%
Sinnoh Prinplup
63%
Kanto Paras
57%
Kanto Haunter
55%
Alola Incineroar
55%
Kanto Scyther
55%
Unova Serperior
54%
Kanto Gengar
53%
Kanto Magmar
51%
Johto Scizor
51%
Kanto Zapdos
51%
Unova Gurdurr
49%
Kanto Cloyster
48%
Unova Conkeldurr
48%
Kanto Kabutops
48%
Sinnoh Magmortar
48%
Kanto Moltres
48%
Unova Timburr
48%
Kanto Dragonair
47%
Hoenn Gardevoir
47%
Unova Herdier
47%
Kanto Lapras
47%
Sinnoh Rhyperior
47%
Unova Solosis
47%
Kanto Gyarados
46%
Johto Heracross
46%
Hisui Kleavor
46%
Kalos Pyroar
46%
Unova Thundurus
46%
Kanto Ekans
45%
Unova Landorus
45%
Kanto Shellder
45%
Unova Tornadus
45%
Johto Hoppip
44%
Kanto Machop
44%
Kanto Omastar
44%
Johto Feraligatr
43%
Hisui Wyrdeer
43%
Sinnoh Chimchar
42%
Kanto Machamp
42%
Johto Stantler
42%
Kanto Exeggutor
41%
Kalos Frogadier
41%
Kanto Graveler
41%
Kanto Kingler
41%
Johto Larvitar
41%
Kanto Magikarp
41%
Johto Tyranitar
41%
Hoenn Gorebyss
40%
Unova Lillipup
40%
Kanto Ninetales
40%
Unova Pansear
40%
Kanto Pinsir
40%
Johto Pupitar
40%
Unova Simisear
40%
Hisui Sneasler
40%
Kanto Tauros
40%
Unova Emboar
38%
Hisui Enamorus
38%
Sinnoh Garchomp
38%
Hoenn Metagross
38%
Unova Panpour
38%
Hoenn Ralts
38%
Unova Reuniclus
38%
Unova Simipour
38%
Johto Ampharos
37%
Sinnoh Dusknoir
37%
Hoenn Dusclops
36%
Unova Garbodor
36%
Unova Accelgor
35%
Unova Eelektross
35%
Hoenn Mudkip
35%
Hoenn Pelipper
35%
Hoenn Seviper
35%
Sinnoh Froslass
34%
Kanto Grimer
34%
Alola Gumshoos
34%
Johto Houndour
34%
Johto Mareep
34%
Galar Yamper
34%
Sinnoh Arceus
33%
Sinnoh Cranidos
33%
Unova Drilbur
33%
Galar Eldegoss
33%
Unova Escavalier
33%
Hoenn Feebas
33%
Paldea Iron Hands
33%
Sinnoh Rampardos
33%
Sinnoh Shellos
33%
Sinnoh Staraptor
33%
Alola Yungoos
33%
Kalos Florges
32%
Paldea Iron Jugulis
32%
Unova Archeops
31%
Galar Eternatus
31%
Johto Gligar
31%
Sinnoh Gliscor
31%
Unova Haxorus
31%
Paldea Iron Treads
31%
Hoenn Marshtomp
31%
Paldea Rellor
31%
Alola Turtonator
31%
Unova Zweilous
31%
Johto Ariados
30%
Alola Dewpider
30%
Galar Glastrier
30%
Galar Gossifleur
30%
Hoenn Latias
30%
Hoenn Latios
30%
Galar Dottler
29%
Hoenn Nosepass
29%
Kalos Xerneas
29%
Hoenn Deoxys
28%
Paldea Iron Thorns
28%
Kalos Malamar
28%
Johto Misdreavus
28%
Sinnoh Probopass
28%
Galar Spectrier
28%
Kalos Aurorus
27%
Alola Crabrawler
27%
Kalos Espurr
27%
Johto Forretress
27%
Johto Hitmontop
27%
Sinnoh Mismagius
27%
Galar Perrserker
27%
Hoenn Whismur
27%
Kalos Clauncher
26%
Kalos Clawitzer
26%
Unova Cofagrigus
26%
Paldea Iron Leaves
26%
Kalos Skrelp
26%
Sinnoh Snover
26%
Hoenn Wailmer
26%
Unova Bisharp
25%
Unova Amoonguss
24%
Alola Bewear
24%
Unova Heatmor
24%
Hoenn Lileep
24%
Kalos Phantump
24%
Galar Runerigus
24%
Paldea Sandy Shocks
24%
Johto Wooper
24%
Paldea Crocalor
23%
Kalos Fletchinder
23%
Alola Fomantis
23%
Unova Foongus
23%
Sinnoh Hippopotas
23%
Unova Maractus
23%
Galar Stonjourner
23%
Paldea Bombirdier
22%
Galar Falinks
22%
Galar Impidimp
22%
Alola Lurantis
22%
Sinnoh Mime Jr.
22%
Sinnoh Regigigas
22%
Paldea Spidops
22%
Sinnoh Togekiss
22%
Paldea Baxcalibur
21%
Hoenn Tropius
21%
Sinnoh Bronzor
20%
Paldea Cyclizar
20%
Alola Minior
20%
Paldea Iron Boulder
19%
Paldea Terapagos
19%
Galar Clobbopus
18%
Paldea Tandemaus
17%
No matching quizzes found
Score Distribution
Percent of People with Each Score
Percentile by Number Answered
Your Score History
You have not taken this quiz since the last reset